It looks like you're offline.
Open Library logo
additional options menu

MARC Record from Library of Congress

Record ID marc_loc_updates/v38.i33.records.utf8:5689350:718
Source Library of Congress
Download Link /show-records/marc_loc_updates/v38.i33.records.utf8:5689350:718?format=raw

LEADER: 00718nam a22002293a 4500
001 97810083
003 DLC
005 20100813204458.0
008 961105s1996 nyu 000 1 eng d
035 $a(OCoLC)ocm35848651
010 $a 97810083
020 $a0553569732 (pbk.) :$c$5.50
040 $aUUC$cUUC$dOCL$dOCLCQ$dDLC
050 00 $aCPB Box no. 587 vol. 10
100 1 $aCampbell, Bethany.
245 10 $aDon't talk to strangers /$cBethany Campbell.
260 $aNew York :$bBantam Books,$cc1996.
300 $a356 p. ;$c18 cm.
490 0 $aBantam Books romantic suspense
650 0 $aComputer sex$vFiction.
655 7 $aSuspense fiction.$2gsafd
710 2 $aCopyright Paperback Collection (Library of Congress)$5DLC